Statistiken für Nachbarländer Indiens

Klicken Sie hier um das Quiz zu spielen!

Allgemein

  • Dieses Quiz wurde 82 mal gespielt
  • Das Durchschnittsergebnis liegt bei 6 aus 6

Antwortstatistiken

LängeLand% Korrekt
2.912 kmPakistan
99%
3.380kmChina
97%
1.690 kmNepal
96%
4.053 kmBangladesch
93%
1.463 kmMyanmar
84%
605 kmBhutan
83%

Verteilung der Resultate

Perzentil nach korrekt beantworteten Fragen

Anzahl Personen mit jedem Resultat

Ihre Resultats-Entwicklung

Sie haben dieses Quiz noch nicht gespielt